<?xml version="1.0" encoding="UTF-8"?>
<record
    xmlns:xsi="http://www.w3.org/2001/XMLSchema-instance"
    xsi:schemaLocation="http://www.loc.gov/MARC21/slim http://www.loc.gov/standards/marcxml/schema/MARC21slim.xsd"
    xmlns="http://www.loc.gov/MARC21/slim">

  <leader>01263nam a2200145   4500</leader>
  <controlfield tag="008">759.972.86 L213c</controlfield>
  <datafield tag="020" ind1=" " ind2=" ">
    <subfield code="a">9789968492058</subfield>
  </datafield>
  <datafield tag="082" ind1=" " ind2=" ">
    <subfield code="a">759.972.86</subfield>
    <subfield code="b">L213c</subfield>
  </datafield>
  <datafield tag="100" ind1=" " ind2=" ">
    <subfield code="a">Lam Chen, Iris</subfield>
    <subfield code="9">6541</subfield>
  </datafield>
  <datafield tag="245" ind1=" " ind2=" ">
    <subfield code="a">&#xBF;C&#xF3;mo est&#xE1; el arroz y c&#xF3;mo cocinar en el mercado costarricense de arte pict&#xF3;rico?</subfield>
  </datafield>
  <datafield tag="260" ind1=" " ind2=" ">
    <subfield code="a">San Jos&#xE9;, Costa Rica</subfield>
    <subfield code="b">Global Metro Art</subfield>
    <subfield code="c">2017</subfield>
  </datafield>
  <datafield tag="300" ind1=" " ind2=" ">
    <subfield code="a">176 p.</subfield>
    <subfield code="b">ill</subfield>
    <subfield code="c">21.6 x 28 cm</subfield>
  </datafield>
  <datafield tag="505" ind1=" " ind2=" ">
    <subfield code="t">Dedicatoria</subfield>
    <subfield code="t">Agradecimiento</subfield>
    <subfield code="t">Pr&#xF3;logo</subfield>
    <subfield code="t">Presentaci&#xF3;n</subfield>
    <subfield code="t">Introducci&#xF3;n</subfield>
    <subfield code="t">&#xED;ndice</subfield>
    <subfield code="t">&#xCD;ndice de cuadros</subfield>
    <subfield code="t">&#xCD;ndice de figuras</subfield>
    <subfield code="t">Cap&#xED;tulo I: Hablemos sobre el arte y el mercado</subfield>
    <subfield code="t">Cap&#xED;tulo II: Hablemos sobre el mercado del arte </subfield>
    <subfield code="t">Cap&#xED;tulo III: &#xBF;C&#xF3;mo est&#xE1; el arroz? Las caracter&#xED;sticas del mercado costarricense de obras pict&#xF3;ricas</subfield>
    <subfield code="t">Cap&#xED;tulo IV: &#xBF;Por qu&#xE9; estamos comiendo arroz? Los factores motivacionales de los compradores de obras pict&#xF3;ricas</subfield>
    <subfield code="t">Cap&#xED;tulo V: &#xBF;Cu&#xE1;les son las recetas favoritas? Estrategias comerciales de los pintores establecidos</subfield>
    <subfield code="t">Cap&#xED;tulo VI: &#xBF;C&#xF3;mo preparar una receta gustosa? Dise&#xF1;o de una estrategia comercial para los pintores emergentes</subfield>
    <subfield code="t">Cap&#xED;tulo VII: Resumamos</subfield>
    <subfield code="t">Cap&#xED;tulo VIII: Recomendamos para cocinar</subfield>
    <subfield code="t">Glosario</subfield>
    <subfield code="t">Referencias</subfield>
  </datafield>
  <datafield tag="650" ind1=" " ind2=" ">
    <subfield code="x">arte contempor&#xE1;neo</subfield>
    <subfield code="x">arte - pintura</subfield>
    <subfield code="x">arte - pintura costarricense</subfield>
    <subfield code="x">Costa Rica</subfield>
    <subfield code="9">6557</subfield>
  </datafield>
  <datafield tag="999" ind1=" " ind2=" ">
    <subfield code="c">1564</subfield>
    <subfield code="d">1564</subfield>
  </datafield>
  <datafield tag="952" ind1=" " ind2=" ">
    <subfield code="0">0</subfield>
    <subfield code="1">0</subfield>
    <subfield code="2">ddc</subfield>
    <subfield code="4">0</subfield>
    <subfield code="7">0</subfield>
    <subfield code="a">LV</subfield>
    <subfield code="b">LV</subfield>
    <subfield code="c">Pensamiento</subfield>
    <subfield code="d">2018-07-19</subfield>
    <subfield code="l">0</subfield>
    <subfield code="o">759.972.86 L213c</subfield>
    <subfield code="p">004572</subfield>
    <subfield code="r">2018-07-19 00:00:00</subfield>
    <subfield code="w">2018-07-19</subfield>
    <subfield code="y">01</subfield>
  </datafield>
</record>
